| 000 | 01073nam0a22002891 4500 | ||
|---|---|---|---|
| 001 | rc\2133669 | ||
| 005 | 20110829172715.3 | ||
| 035 | _a(NLR Aleph) 006720120 | ||
| 090 |
_a5434494 _c5434494 |
||
| 100 | _a20110829d1978 |||y0rusy50 ca | ||
| 101 | 1 |
_arus _clit |
|
| 102 | _aRU | ||
| 105 | _aa z |||a| | ||
| 200 | 1 |
_a"Знак опасности" _eРассказы _e[Для мл. шк. возраста] _fЙонас Довидайтис _gПер. с лит. М. Юфит _g[Худож. Э. Шагеев] |
|
| 210 |
_aМосква _cДет. лит. _d1978 |
||
| 215 |
_a109 с. _cил. _d20 |
||
| 300 | _aВ вып. дан. авт.: Йонас Пранович Довидайтис | ||
| 700 | 1 |
_6z01790 _aДовидайтис _bИ. _f1914-1983 _gИонас |
|
| 702 | 1 |
_aШагеев _bЭ. _4440 |
|
| 702 | 1 |
_aЮфит _bМ. _4730 |
|
| 790 | 1 |
_6z01700 _aДовидайтис _bЙ. П. _f1914-1983 _gЙонас Пранович |
|
| 801 | 0 |
_aRU _bNLR _gpsbo |
|
| 801 | 1 |
_aRU _bELAR _2rusmarc |
|
| 852 |
_aNLR _j79-3/2144 |
||
| 899 |
_aRuMoRGB _jM 78-8/1224 |
||
| 942 | _cBOOK | ||
| 980 | _aNB | ||